|
|
|
|
| LEADER |
01173cam#a22003134a#4500 |
| 001 |
017345 |
| 005 |
20160721153835.0 |
| 008 |
010119s2001####mdua#####b####001#0#eng## |
| 020 |
|
|
|a 0742509540 (pbk. : alk. paper)
|
| 040 |
|
|
|a DLC
|d DLC
|
| 082 |
0 |
4 |
|a 333.17
|2 21
|
| 099 |
|
|
|a 05-M110
|
| 245 |
0 |
0 |
|a Continental order? :
|b integrating North America for cybercapitalism
|c edited by Vincent Mosco and Dan Schiller.
|
| 260 |
|
|
|a Lanham, MD :
|b Rowman and Littlefield Publishers,
|c c2001.
|
| 300 |
|
|
|a vi, 312 p. :
|b il. ;
|c 24 cm.
|
| 490 |
0 |
|
|a Critical media studies
|
| 504 |
|
|
|a Incluye referencias bibliográficas e índice.
|
| 650 |
|
7 |
|a Integración económica
|2 Spines
|
| 650 |
|
7 |
|a Mercado común
|2 Spines
|
| 650 |
|
7 |
|a Acuerdos económicos
|2 Spines
|
| 650 |
|
7 |
|a Capitalismo
|2 Spines
|
| 650 |
|
7 |
|a Globalización
|2 toit
|
| 700 |
1 |
|
|a Mosco, Vincent
|e ed
|4 edt
|
| 700 |
1 |
|
|a Schiller, Dan
|d 1951-
|e ed
|4 edt
|
| 929 |
|
|
|a COMPRA
|b Intelecnia
|c Exp. 827-0128/04
|d 115,47
|e 20050728
|j 37435
|
| 929 |
|
|
|a COMPRA
|b Intelecnia
|c Exp. 827-0128/04
|d 115,47
|e 20050729
|j 37444
|
| 929 |
|
|
|a COMPRA
|b Intelecnia
|c Exp. 827-0128/04
|d 115,47
|e 20050729
|j 37445
|
| 942 |
|
|
|c LIB
|n 0
|
| 999 |
|
|
|c 17801
|d 93188
|